Statistiken für Minigolf

Klicken Sie hier um das Quiz zu spielen!

Allgemein

  • Dieses Quiz wurde 27 mal gespielt
    (23 seit der letzten Aktualisierung)
  • Das Durchschnittsergebnis liegt bei 4 aus 18

Antwortstatistiken

BahnBezeichnung% Korrekt
18(Sprungschanze mit) Netz/ Reuse
78%
14Vulkan
67%
17Labyrinth
44%
6Brücke
33%
8Salto
33%
4Blitz
22%
15gerade Bahn/ Gradschlag ohne Hindernis
22%
2Doppelwelle
11%
7Fenster/ Pitauge
11%
10Mittelhügel/ Mittelkreis
11%
9Pyramiden
11%
12(rechter) Winkel
11%
13Rohr/ Rohrhügel
11%
16Stäbe/ Gradschlag mit versetzten Hindernissen
11%
3(unregelmäßige) Passagen
11%
11(liegende) Schleife
0%
5(Schrägkreis mit) Niere
0%
1Stumpfe Kegel
0%

Verteilung der Resultate

Perzentil nach korrekt beantworteten Fragen

Anzahl Personen mit jedem Resultat

Ihre Resultats-Entwicklung

Sie haben dieses Quiz seit der letzten Aktualisierung nicht gespielt